[Event "Titled Tuesday intern op 23rd Apr Late"]
[Site "Chess.com INT"]
[Date "2024.04.23"]
[Round "6"]
[White "Skotheim, Andreas"]
[Black "Dias, Paulo Jorge Guimara"]
[Result "1-0"]
[WhiteElo "2214"]
[BlackElo "2308"]
[PlyCount "115"]
[EventDate "2024.04.23"]
[EventType "swiss (blitz)"]
[EventRounds "11"]
[EventCountry "USA"]
[SourceTitle "CB18_2024"]
[SourceDate "2024.05.01"]
[SourceVersion "1"]
[SourceVersionDate "2024.05.01"]
[SourceQuality "2"]

1. c4 c5 2. Nf3 Nc6 3. Nc3 g6 4. e3 Nf6 5. d4 cxd4 6. exd4 d5 7. cxd5 Nxd5 8. Bc4 Nxc3 9. Qb3 Nd5 10. Bxd5 e6 11. Bxc6+ bxc6 12. Bg5 f6 13. Bf4 Qd5 14. 0-0 Be7 15. Rfe1 g5 16. Bg3 h5 17. h3 a5 18. Rac1 Qxb3 19. axb3 Bd7 20. Nd2 Kf7 21. Nc4 Bb4 22. Re2 Ra7 23. Bd6 Rb7 24. Bxb4 Rxb4 25. Nxa5 Rxd4 26. Nxc6 Bxc6 27. Rxc6 e5 28. g3 h4 29. g4 Rd3 30. Rc3 Rhd8 31. Kg2 Rd2 32. Kf1 Rd1+ 33. Re1 R1d2 34. Rb1 Rb8 35. Ke1 Rd4 36. Ra1 Rb7 37. Ra6 Rf4 38. Ke2 Rfb4 39. Rf3 Rf4 40. Rxf4 gxf4 41. Ra3 Ke6 42. Kd3 Rd7+ 43. Kc3 Rd1 44. b4 e4 45. Kc4 Ke5 46. Ra5+ Ke6 47. Rf5 e3 48. Rxf4 exf2 49. Rxf2 Rh1 50. Rf3 Rh2 51. b3 Ke5 52. b5 Rc2+ 53. Rc3 Rxc3+ 54. Kxc3 f5 55. b6 fxg4 56. b7 gxh3 57. b8Q+ Kf5 58. Qh2 1-0

[Event "Titled Tuesday intern op 23rd Apr Late"]
[Site "Chess.com INT"]
[Date "2024.04.23"]
[Round "3"]
[White "Skotheim, Andreas"]
[Black "Torres, Yelfry"]
[Result "1-0"]
[WhiteElo "2214"]
[BlackElo "2061"]
[PlyCount "213"]
[EventDate "2024.04.23"]
[EventType "swiss (blitz)"]
[EventRounds "11"]
[EventCountry "USA"]
[SourceTitle "CB18_2024"]
[SourceDate "2024.05.01"]
[SourceVersion "1"]
[SourceVersionDate "2024.05.01"]
[SourceQuality "2"]

1. c4 d6 2. Nc3 e5 3. Nf3 Nf6 4. d4 Nbd7 5. Bg5 Be7 6. e3 c6 7. Be2 a6 8. 0-0 0-0 9. Qc2 b5 10. a3 Bb7 11. Rfd1 Qb8 12. dxe5 dxe5 13. Rxd7 Nxd7 14. Bxe7 Re8 15. Bh4 h6 16. Rd1 Qc7 17. Qf5 Re6 18. Nd2 Rae8 19. Bg3 Rf6 20. Qc2 Rfe6 21. Bg4 R6e7 22. Bh4 f6 23. Bh5 Rd8 24. Nde4 Rf8 25. Nd6 Rd8 26. Nf5 Re6 27. Nxh6+ Kh8 28. Nf7+ Kg8 29. Nxd8 Qxd8 30. Bg4 Re7 31. Qd3 Bc8 32. cxb5 axb5 33. Qd6 Qe8 34. Qxc6 Nf8 35. Qxe8 Rxe8 36. Bxc8 Rxc8 37. f3 Rb8 38. Be1 b4 39. axb4 Rxb4 40. Rd2 Ne6 41. Bf2 Rb3 42. g3 Nc5 43. e4 Na6 44. Kf1 Nb4 45. Rd8+ Kf7 46. Rb8 Rxb2 47. Bc5 Nd3 48. Rxb2 Nxb2 49. Be3 Nc4 50. Bc1 Na5 51. Ke2 Nc6 52. Nd5 Nd4+ 53. Kf2 Nb3 54. Be3 Na5 55. g4 Nc4 56. Ke2 Nb2 57. Nc3 Nc4 58. Kd3 Nb2+ 59. Kc2 Nc4 60. Bc1 Nd6 61. Nd5 Nc4 62. Kd3 Nd6 63. Bd2 g5 64. Be1 Ke6 65. Bb4 Nf7 66. Be7 Nh6 67. Bxf6 Nf7 68. Be7 Kd7 69. Bb4 Ke6 70. Bd2 Kd7 71. Ne3 Ke6 72. Nc4 Kf6 73. Bc3 Ke6 74. Be1 Nd8 75. h4 gxh4 76. Bxh4 Nc6 77. Bf2 Nb4+ 78. Ke3 Nc2+ 79. Ke2 Nb4 80. Be1 Nc6 81. Bc3 Na7 82. Nxe5 Nb5 83. Bb2 Nd6 84. Ke3 Nb5 85. Nd3 Kf7 86. f4 Kg6 87. g5 Kf7 88. Ne5+ Kg8 89. Ng4 Nd6 90. Nf6+ Kf7 91. Nd5 Nc4+ 92. Kd4 Nxb2 93. f5 Nd1 94. g6+ Kg8 95. Ne7+ Kg7 96. Ke5 Ne3 97. f6+ Kh6 98. g7 Ng4+ 99. Ke6 Kh5 100. g8Q Nh6 101. Qh7 Kg5 102. Qxh6+ Kxh6 103. Kf7 Kh7 104. Nf5 Kh8 105. Ke7 Kg8 106. f7+ Kh7 107. f8Q 1-0

[Event "Titled Tuesday intern op 23rd Apr Late"]
[Site "Chess.com INT"]
[Date "2024.04.23"]
[Round "10"]
[White "Zhigalko, Sergei"]
[Black "Skotheim, Andreas"]
[Result "1-0"]
[WhiteElo "2572"]
[BlackElo "2214"]
[PlyCount "75"]
[EventDate "2024.04.23"]
[EventType "swiss (blitz)"]
[EventRounds "11"]
[EventCountry "USA"]
[SourceTitle "CB18_2024"]
[SourceDate "2024.05.01"]
[SourceVersion "1"]
[SourceVersionDate "2024.05.01"]
[SourceQuality "2"]

1. e4 c5 2. Nf3 Nf6 3. e5 Nd5 4. c3 d6 5. Bc4 e6 6. d4 cxd4 7. cxd4 Bd7 8. 0-0 Bc6 9. Bxd5 Bxd5 10. Nc3 Bxf3 11. Qxf3 d5 12. Be3 Nc6 13. Rac1 Be7 14. Qg3 g6 15. Ne2 0-0 16. Bh6 Re8 17. Qf4 Qb6 18. Qd2 Rac8 19. g3 Na5 20. b3 Ba3 21. Rxc8 Rxc8 22. h4 Nc6 23. Qf4 Qd8 24. Bg5 Qf8 25. h5 Nb4 26. Kg2 Rc2 27. Qg4 Nxa2 28. Nf4 Rc1 29. hxg6 hxg6 30. Nxg6 fxg6 31. Bxc1 Nxc1 32. Qxg6+ Qg7 33. Qxe6+ Qf7 34. Qc8+ Kg7 35. Rh1 Nd3 36. Qh8+ Kg6 37. Rh6+ Kg5 38. Rf6 1-0

[Event "Titled Tuesday intern op 16th Apr Early"]
[Site "Chess.com INT"]
[Date "2024.04.16"]
[Round "1"]
[White "Rouast, Joseph"]
[Black "Skotheim, Andreas"]
[Result "0-1"]
[WhiteElo "2105"]
[BlackElo "2214"]
[PlyCount "110"]
[EventDate "2024.04.16"]
[EventType "swiss (blitz)"]
[EventRounds "11"]
[EventCountry "USA"]
[SourceTitle "CB17_2024"]
[SourceDate "2024.04.24"]
[SourceVersion "1"]
[SourceVersionDate "2024.04.24"]
[SourceQuality "1"]

1. e4 c5 2. Nf3 Nf6 3. e5 Nd5 4. c3 d6 5. exd6 e6 6. d4 cxd4 7. Nxd4 Bxd6 8. Be2 0-0 9. 0-0 a6 10. Nd2 e5 11. N4b3 Nc6 12. Ne4 Bc7 13. c4 Nf4 14. Bxf4 exf4 15. Qxd8 Rxd8 16. Rfd1 Bf5 17. Nc3 Be5 18. Nc5 b6 19. Nd3 Bxc3 20. bxc3 Bxd3 21. Bxd3 Ne5 22. Be2 Kf8 23. Rd4 g5 24. Rb1 Rab8 25. h4 h6 26. hxg5 hxg5 27. Rxd8+ Rxd8 28. Rxb6 Rd2 29. Bf1 Rxa2 30. c5 Rc2 31. Rxa6 Rxc3 32. Ra5 Rc1 33. f3 Nc6 34. Ra8+ Kg7 35. Kf2 Rxc5 36. Rc8 Rc2+ 37. Kg1 Nd4 38. Rxc2 Nxc2 39. Kf2 Kf6 40. g3 Ke5 41. Bc4 f6 42. Bf7 Nb4 43. Bc4 Nc6 44. gxf4+ Kxf4 45. Bb5 Nd4 46. Be2 Nxe2 47. Kxe2 Kg3 48. Ke3 f5 49. f4 g4 50. Ke2 Kxf4 51. Kf2 g3+ 52. Kg2 Kg4 53. Kf1 Kf3 54. Kg1 g2 55. Kh2 Kf2 0-1

[Event "Titled Tuesday intern op 02nd Apr Early"]
[Site "Chess.com INT"]
[Date "2024.04.02"]
[Round "8"]
[White "Kopczynski, Michal"]
[Black "Skotheim, Andreas"]
[Result "1-0"]
[WhiteElo "2225"]
[BlackElo "2214"]
[PlyCount "95"]
[EventDate "2024.04.02"]
[EventType "swiss (blitz)"]
[EventRounds "11"]
[EventCountry "USA"]
[SourceTitle "CB15_2024"]
[SourceDate "2024.04.10"]
[SourceVersion "1"]
[SourceVersionDate "2024.04.10"]
[SourceQuality "1"]

1. e4 c5 2. d4 cxd4 3. c3 Nf6 4. Bd3 dxc3 5. Nxc3 Nc6 6. f4 d6 7. Nf3 Bg4 8. 0-0 e5 9. Kh1 Be7 10. Qe1 0-0 11. f5 d5 12. exd5 Nxd5 13. Nxd5 Qxd5 14. Be4 Qd6 15. Ng5 Bxg5 16. Bxg5 f6 17. Be3 Bh5 18. Rd1 Nd4 19. Rd2 Bf7 20. Qg3 Kh8 21. Bxd4 Qa6 22. Bd3 Qxa2 23. Bc3 Rad8 24. Bb1 Qa6 25. Qf2 Rxd2 26. Bxd2 Rd8 27. Bc3 b5 28. h3 h6 29. Bc2 Qb7 30. Rd1 Rc8 31. Qd2 b4 32. Bxb4 Bh5 33. Qd7 Qxd7 34. Rxd7 Rxc2 35. Rxa7 Rxb2 36. Bf8 Rb6 37. Bxg7+ Kg8 38. Bxh6 Bf7 39. Ra8+ Kh7 40. Be3 Rb3 41. Bc5 Bd5 42. Ra7+ Kg8 43. Rd7 Rxh3+ 44. Kg1 Rd3 45. Be7 Kf7 46. Bc5+ Ke8 47. Rd6 Kf8 48. Rxd5+ 1-0

[Event "Fagernes op"]
[Site "Fagernes"]
[Date "2024.03.27"]
[Round "4"]
[White "Skotheim, Andreas"]
[Black "Kaewpitakkun, Pantham"]
[Result "1-0"]
[WhiteElo "2214"]
[BlackElo "1989"]
[PlyCount "79"]
[EventDate "2024.03.24"]
[EventType "swiss"]
[EventRounds "9"]
[EventCountry "NOR"]
[SourceTitle "CB14_2024"]
[SourceDate "2024.04.01"]
[SourceVersion "1"]
[SourceVersionDate "2024.04.01"]
[SourceQuality "1"]

1. e4 c5 2. Nf3 d6 3. Bb5+ Bd7 4. c4 Nf6 5. Nc3 g6 6. Bxd7+ Qxd7 7. d4 cxd4 8. Qxd4 Nc6 9. Qd3 Bg7 10. 0-0 0-0 11. Bd2 Rfc8 12. b3 Rab8 13. Rac1 a6 14. Nd5 Nxd5 15. exd5 Ne5 16. Nxe5 Bxe5 17. a4 b5 18. cxb5 axb5 19. a5 b4 20. Rxc8+ Qxc8 21. Rc1 Qd8 22. a6 Qa5 23. Be3 Bc3 24. a7 Ra8 25. g3 Rxa7 26. Bxa7 Qxa7 27. Rc2 h5 28. Qc4 h4 29. gxh4 Qd7 30. Re2 Be5 31. Kg2 Qb7 32. Ra2 e6 33. Qc6 Qe7 34. Ra8+ Kh7 35. Qe8 Qxh4 36. Qxf7+ Kh6 37. Qf8+ Kg5 38. Qe7+ Bf6 39. Qxe6 Kh6 40. Qh3 1-0

[Event "Titled Tuesday intern op 12th Mar Late"]
[Site "Chess.com INT"]
[Date "2024.03.12"]
[Round "9"]
[White "Skotheim, Andreas"]
[Black "Tan, Ralph"]
[Result "1/2-1/2"]
[WhiteElo "2214"]
[BlackElo "2004"]
[PlyCount "158"]
[EventDate "2024.03.12"]
[EventType "swiss (blitz)"]
[EventRounds "11"]
[EventCountry "USA"]
[SourceTitle "CB12_2024"]
[SourceDate "2023.10.01"]
[SourceVersion "1"]
[SourceVersionDate "2023.10.01"]
[SourceQuality "1"]

1. Nf3 d5 2. e3 Nf6 3. c4 e6 4. Nc3 Be7 5. b3 0-0 6. d4 Nbd7 7. Bd3 c5 8. cxd5 Nxd5 9. Nxd5 exd5 10. 0-0 Nf6 11. dxc5 Bxc5 12. Bb2 Bg4 13. h3 Bh5 14. Rc1 Bd6 15. Bb1 Bg6 16. Bxf6 Qxf6 17. Bxg6 hxg6 18. Qxd5 Qe7 19. Rc2 Rfd8 20. Qg5 Qe8 21. Rfc1 Rac8 22. Nd4 a6 23. h4 Rxc2 24. Rxc2 Be5 25. Qg4 Bxd4 26. exd4 Qe1+ 27. Kh2 Qa1 28. Rd2 Qc3 29. Qd1 Rd5 30. g3 Kh7 31. Kg2 Qc6 32. Qf3 Qd6 33. Qe4 f5 34. Qf4 Qe6 35. Qf3 b5 36. Rd3 a5 37. a3 Qd6 38. Qf4 Qxa3 39. h5 Qe7 40. hxg6+ Kxg6 41. Re3 Qd6 42. Qxd6+ Rxd6 43. Re5 Rb6 44. Rd5 Kf6 45. f4 Ke6 46. Re5+ Kf6 47. Kf3 g6 48. Rc5 a4 49. bxa4 bxa4 50. Ra5 Rb3+ 51. Kf2 a3 52. Ra6+ Kf7 53. d5 Rd3 54. Ke2 Rxd5 55. Rxa3 Kg7 56. Kf3 Kh6 57. Re3 Kh5 58. Rb3 Rd1 59. Rb8 Kh6 60. Rh8+ Kg7 61. Rb8 Rd3+ 62. Kg2 Rc3 63. Kh3 Rc1 64. Rb7+ Kh6 65. Kg2 Rc3 66. Kf2 Rc2+ 67. Kf3 Rc1 68. Kg2 Rc2+ 69. Kh3 Rc1 70. Ra7 Rc3 71. Kg2 Rc6 72. Kf3 g5 73. fxg5+ Kxg5 74. Rg7+ Kf6 75. Rg8 Rc3+ 76. Kf4 Rc4+ 77. Kf3 Rc3+ 78. Kf4 Rc4+ 79. Kf3 Rc3+ 1/2-1/2

[Event "Titled Tuesday intern op 13th Feb Early"]
[Site "Chess.com INT"]
[Date "2024.02.13"]
[Round "7"]
[White "Fakhretdinova, Margarita"]
[Black "Skotheim, Andreas"]
[Result "0-1"]
[WhiteElo "2153"]
[BlackElo "2209"]
[PlyCount "130"]
[EventDate "2024.02.13"]
[EventType "swiss (blitz)"]
[EventRounds "11"]
[EventCountry "USA"]
[SourceTitle "CB08_2024"]
[SourceDate "2024.02.21"]
[SourceVersion "1"]
[SourceVersionDate "2024.02.21"]
[SourceQuality "1"]

1. e4 d6 2. d4 Nf6 3. Nc3 c6 4. Bg5 Nbd7 5. Qd2 e5 6. dxe5 dxe5 7. 0-0-0 Be7 8. Nf3 Qc7 9. Nh4 h6 10. Be3 Ng4 11. Nf5 Nxe3 12. fxe3 Bf8 13. Bc4 Nb6 14. Bb3 Bxf5 15. exf5 Be7 16. Ne4 Rd8 17. Qe2 Nd5 18. h4 Qb6 19. Rh3 Nf6 20. Nxf6+ Bxf6 21. Qh5 Rxd1+ 22. Kxd1 Qd8+ 23. Kc1 Qe7 24. e4 a5 25. a4 Rf8 26. Kb1 Qc5 27. g4 Qg1+ 28. Ka2 Qd1 29. Rd3 Qe2 30. Rd6 Ke7 31. Rd3 Qxe4 32. g5 hxg5 33. hxg5 b5 34. gxf6+ gxf6 35. axb5 a4 36. Bxa4 Qxa4+ 37. Ra3 Qc4+ 38. Kb1 Qf1+ 39. Ka2 Qc4+ 40. Kb1 Qf1+ 41. Ka2 Qxb5 42. Ra7+ Kd6 43. Qd1+ Qd5+ 44. Qxd5+ Kxd5 45. b4 e4 46. Kb3 e3 47. Re7 Kd4 48. c3+ Kd3 49. c4 e2 50. b5 cxb5 51. cxb5 Kd2 52. Rd7+ Ke1 53. Re7 Kf2 54. b6 e1Q 55. Rxe1 Kxe1 56. Kc4 Rb8 57. Kc5 Kf2 58. Kc6 Kf3 59. Kc7 Rf8 60. b7 Kf4 61. b8Q Rxb8 62. Kxb8 Kxf5 63. Kc8 Ke6 64. Kd8 f5 65. Ke8 f4 0-1

[Event "Titled Tuesday intern op 13th Feb Early"]
[Site "Chess.com INT"]
[Date "2024.02.13"]
[Round "5"]
[White "Yaniuk, Volodymyr"]
[Black "Skotheim, Andreas"]
[Result "1-0"]
[WhiteElo "2223"]
[BlackElo "2209"]
[PlyCount "95"]
[EventDate "2024.02.13"]
[EventType "swiss (blitz)"]
[EventRounds "11"]
[EventCountry "USA"]
[SourceTitle "CB08_2024"]
[SourceDate "2024.02.21"]
[SourceVersion "1"]
[SourceVersionDate "2024.02.21"]
[SourceQuality "1"]

1. d4 Nf6 2. c4 e6 3. g3 Bb4+ 4. Bd2 c5 5. Bxb4 cxb4 6. Bg2 a5 7. a3 bxa3 8. Nxa3 Na6 9. Nf3 d6 10. 0-0 0-0 11. Qb3 Nb4 12. Nb5 Rb8 13. Rfd1 b6 14. Rac1 Qe7 15. Nd2 Ba6 16. Na3 Rfc8 17. e3 g6 18. Nc2 Nc6 19. Qa3 d5 20. Qxe7 Nxe7 21. Na3 Kf8 22. b3 h5 23. Bf1 dxc4 24. bxc4 Nc6 25. Rb1 Nb4 26. Rdc1 Rc7 27. Rb2 Rbc8 28. Rcb1 Ne8 29. Nc2 Nxc2 30. Rxc2 Rc6 31. Rcb2 Nd6 32. Rxb6 Nxc4 33. Rxc6 Rxc6 34. Rc1 Nxd2 35. Rxc6 Bxf1 36. Rc2 Bc4 37. Rxd2 a4 38. Rc2 Bb3 39. Rc7 a3 40. Ra7 a2 41. Kf1 Kg7 42. f3 Kf6 43. Ke2 g5 44. e4 g4 45. f4 Kg6 46. Kd2 f5 47. e5 Bd5 48. Kc3 1-0

[Event "Titled Tuesday intern op 06th Feb Late"]
[Site "Chess.com INT"]
[Date "2024.02.06"]
[Round "1"]
[White "Akhayan, Ruben"]
[Black "Skotheim, Andreas"]
[Result "0-1"]
[WhiteElo "2249"]
[BlackElo "2209"]
[PlyCount "134"]
[EventDate "2024.02.06"]
[EventType "swiss (blitz)"]
[EventRounds "11"]
[EventCountry "USA"]
[SourceTitle "CB07_2024"]
[SourceDate "2024.02.14"]
[SourceVersion "1"]
[SourceVersionDate "2024.02.14"]
[SourceQuality "1"]

1. e4 d6 2. d4 Nf6 3. Nc3 c6 4. f3 e5 5. Be3 Nbd7 6. Qd2 Be7 7. 0-0-0 Qc7 8. g4 b5 9. g5 Nh5 10. Nce2 Nb6 11. Ng3 Nxg3 12. hxg3 a6 13. f4 Bg4 14. Re1 c5 15. dxe5 dxe5 16. Rh4 h5 17. Be2 Nc4 18. Bxc4 bxc4 19. Ne2 Rd8 20. Qc3 0-0 21. Qxe5 Qd7 22. Nc3 Rfe8 23. Nd5 Bd6 24. Qc3 Rxe4 25. Rhh1 Bf8 26. Nb6 Qe6 27. Na4 Qc6 28. b3 cxb3 29. axb3 c4 30. g6 Qxg6 31. Nc5 Ree8 32. b4 Qf5 33. Bd2 Rxe1+ 34. Rxe1 Bxc5 35. bxc5 Qxc5 36. Qb4 Qd5 37. Qc3 a5 38. Be3 a4 39. Qa3 Qb5 40. f5 Bxf5 41. Bg5 Rb8 42. Qa1 c3 43. Qxc3 Qb1+ 44. Kd2 Qb5 45. Kc1 Bg6 46. Re5 Qb1+ 47. Kd2 Qg1 48. Qe3 Qg2+ 49. Qe2 Qxg3 50. Qe3 Qg2+ 51. Qe2 Qc6 52. Bf4 Qxc2+ 53. Ke1 Rb1+ 54. Kf2 Qxe2+ 55. Rxe2 Rb4 56. Bd6 Rc4 57. Re8+ Kh7 58. Ra8 Rd4 59. Be5 Re4 60. Bb2 h4 61. Bc1 Rc4 62. Be3 h3 63. Kg3 Rc3 64. Kf2 Rxe3 65. Kxe3 h2 66. Rxa4 h1Q 67. Rf4 Qe1+ 0-1

[Event "Titled Tuesday intern op 06th Feb Early"]
[Site "Chess.com INT"]
[Date "2024.02.06"]
[Round "6"]
[White "Bambino Filho, Antonio Carlos"]
[Black "Skotheim, Andreas"]
[Result "1-0"]
[WhiteElo "2166"]
[BlackElo "2209"]
[PlyCount "147"]
[EventDate "2024.02.06"]
[EventType "swiss (blitz)"]
[EventRounds "11"]
[EventCountry "USA"]
[SourceTitle "CB07_2024"]
[SourceDate "2024.02.14"]
[SourceVersion "1"]
[SourceVersionDate "2024.02.14"]
[SourceQuality "1"]

1. d4 d6 2. e4 Nf6 3. Nc3 c6 4. a4 Qc7 5. Nf3 e5 6. Be2 Be7 7. 0-0 0-0 8. a5 Re8 9. Re1 Nbd7 10. Bf1 h6 11. h3 Bf8 12. Be3 Rb8 13. dxe5 Nxe5 14. Nxe5 dxe5 15. Bxa7 Ra8 16. Bb6 Qe7 17. Bc4 Be6 18. Qe2 Nd7 19. Bxe6 Qxe6 20. Be3 Bb4 21. a6 b6 22. Red1 Nc5 23. Bxc5 Bxc5 24. Na4 Qe7 25. Qc4 Bd4 26. c3 b5 27. Qxc6 Bxf2+ 28. Kxf2 bxa4 29. Rd7 Qh4+ 30. Kg1 Rac8 31. Qd5 Re6 32. a7 Rg6 33. a8Q Rxg2+ 34. Kxg2 Qg5+ 35. Kf2 Qf4+ 36. Ke2 Qh2+ 37. Kd3 Qg3+ 38. Kc2 Qf2+ 39. Kb1 Rxa8 40. Qxa8+ Kh7 41. Qd5 f5 42. Ka2 f4 43. Qf7 Qg2 44. Qf5+ Qg6 45. Qxg6+ Kxg6 46. Rg1+ Kf6 47. Rgxg7 f3 48. Rdf7+ Ke6 49. Rxf3 a3 50. Rg6+ Ke7 51. Rff6 axb2 52. Kxb2 h5 53. Rh6 h4 54. Ra6 Kf7 55. Rh7+ Kg8 56. Rb7 Kf8 57. Kb3 Ke8 58. Kc4 Kd8 59. Raa7 Kc8 60. Kd5 Kd8 61. Kxe5 Kc8 62. Kf4 Kd8 63. Kg4 Kc8 64. Kxh4 Kd8 65. Kg5 Kc8 66. h4 Kd8 67. h5 Kc8 68. h6 Kd8 69. h7 Kc8 70. Kf6 Kd8 71. Kg7 Kc8 72. Kg8 Kd8 73. h8Q Kc8 74. Kh7# 1-0